Sejarah dan perkembangan Kota Kuala Kedah : (Record no. 58936)

MARC details
000 -LEADER
fixed length control field 00826nam a2200241 i 4500
001 - CONTROL NUMBER
control field C2-0244746
003 - CONTROL NUMBER IDENTIFIER
control field PPAK
005 - DATE AND TIME OF LATEST TRANSACTION
control field 20180727205932.0
008 - FIXED-LENGTH DATA ELEMENTS--GENERAL INFORMATION
fixed length control field 030116s xx |||| ||||| | may d
040 ## - CATALOGING SOURCE
Original cataloging agency PPAK
Language of cataloging eng
Transcribing agency PPAK
Description conventions rda
082 04 - DEWEY DECIMAL CLASSIFICATION NUMBER
Classification number 959.5112
Edition number 23
090 00 - LOCALLY ASSIGNED LC-TYPE CALL NUMBER (OCLC); LOCAL CALL NUMBER (RLIN)
Classification number (OCLC) (R) ; Classification number, CALL (RLIN) (NR) 959.5112
Feature heading WAN
Feature heading KK
Classification number (OCLC) (R) ; Classification number, CALL (RLIN) (NR) 959.5112
Feature heading WAN
Feature heading KMI
100 0# - MAIN ENTRY--PERSONAL NAME
Personal name Wan Shamsudin bin Mohd Yusof,
Titles and words associated with a name Dato'
Relator term author
245 10 - TITLE STATEMENT
Title Sejarah dan perkembangan Kota Kuala Kedah :
Remainder of title menurut kronologi zaman pemerintahan Sultan-sultan Kedah Darul Aman
264 #1 - PRODUCTION, PUBLICATION, DISTRIBUTION, MANUFACTURE, AND COPYRIGHT NOTICE
Place of production, publication, distribution, manufacture [place of publication not identified] :
Name of producer, publisher, distributor, manufacturer [publisher not identified] ,
Date of production, publication, distribution, manufacture, or copyright notice [date of publication not identified]
300 ## - PHYSICAL DESCRIPTION
Extent 43 pages ;
Dimensions 30 cm
336 ## - CONTENT TYPE
Source rdacontent
Content type term text
337 ## - MEDIA TYPE
Source rdamedia
Media type term unmediated
338 ## - CARRIER TYPE
Source rdacarrier
Carrier type term volume
650 10 - SUBJECT ADDED ENTRY--TOPICAL TERM
Topical term or geographic name entry element Kedah - History.
942 ## - ADDED ENTRY ELEMENTS (KOHA)
-- dc
Koha item type Book
Holdings
Withdrawn Not for loan Current library Shelving location Date acquired Full call number Barcode Date last seen Koha item type
  Not For Loan Perpustakaan Alor Setar Koleksi Kedah 16/01/2003 KK 959.5112 WAN A00156024 08/05/2018 Book
  Not For Loan Perpustakaan Alor Setar Koleksi Prof. Dr. Muhammad Isa Othman 09/02/2012 KMI 959.5112 WAN A00385758 08/05/2018 Book